000 00309nam a2200121Ia 4500
008 180117s9999 xx 000 0 und d
100 _aby AA Patawaran
245 _aWrite Here Write Now
260 _c2017
300 _a20-22 pages, 2017 March 12
440 _aPhilippine Panorama
650 _aNIGHT AND DAY
999 _c353419
_d353419